[Event "CZE-chT U18 Extraliga West 1819"]
[Site "Czech Republic"]
[Date "2019.01.19"]
[Round "7.4"]
[White "Pavelka, Hubert Jan"]
[Black "Ruzicka, Filip1111"]
[Result "1/2-1/2"]
[WhiteElo "1768"]
[BlackElo "1699"]
[PlyCount "87"]
[EventDate "2018.10.05"]
[EventType "team-tourn"]
[EventRounds "11"]
[EventCountry "CZE"]
[SourceTitle "EXT 2023"]
[Source "ChessBase"]
[SourceDate "2022.10.05"]
[SourceVersion "1"]
[SourceVersionDate "2022.10.05"]
[SourceQuality "1"]
[WhiteTeam "Liberec Desko (U18)"]
[BlackTeam "Praha Kobylisy (U18)"]
[WhiteTeamCountry "CZE"]
[BlackTeamCountry "CZE"]

1. Nf3 Nf6 2. g3 g6 3. Bg2 Bg7 4. c4 0-0 5. 0-0 d6 6. Nc3 Nbd7 7. d3 e5 8. e4 c6 9. Ne1 Nc5 10. Nc2 a5 11. b3 Ne8 12. Ba3 Nc7 13. Rb1 f5 14. d4 exd4 15. Nxd4 N7e6 16. Nde2 fxe4 17. Nxe4 Nxe4 18. Bxe4 Nc5 19. Bxc5 dxc5 20. Qxd8 Rxd8 21. Rbd1 Be6 22. Nf4 Bf7 23. a4 Rd4 24. Rxd4 Bxd4 25. Kg2 Rd8 26. Rd1 Kf8 27. h4 Rb8 28. Rc1 Re8 29. Kf3 Kg7 30. Rd1 Re7 31. Rd2 Bf6 32. Nd3 Bd4 33. Nf4 Be8 34. Bd3 Bd7 35. Re2 Rf7 36. Kg2 Kf6 37. Nh3 Bxh3+ 38. Kxh3 Rd7 39. Bc2 Bc3 40. Kg4 Rd4+ 41. Kf3 b5 42. cxb5 cxb5 43. Re4 Rd2 44. Re2 1/2-1/2

[Event "CZE-chT U18 Extraliga West 1819"]
[Site "Czech Republic"]
[Date "2018.10.07"]
[Round "4.4"]
[White "Hejsek, Lukas"]
[Black "Pavelka, Hubert Jan"]
[Result "0-1"]
[WhiteElo "1845"]
[BlackElo "1768"]
[PlyCount "50"]
[EventDate "2018.10.05"]
[EventType "team-tourn"]
[EventRounds "11"]
[EventCountry "CZE"]
[SourceTitle "EXT 2023"]
[Source "ChessBase"]
[SourceDate "2022.10.05"]
[SourceVersion "1"]
[SourceVersionDate "2022.10.05"]
[SourceQuality "1"]
[WhiteTeam "Praha Bohemians (U18)"]
[BlackTeam "Liberec Desko (U18)"]
[WhiteTeamCountry "CZE"]
[BlackTeamCountry "CZE"]

1. d4 Nf6 2. Nf3 e6 3. g3 b6 4. Bg2 Bb7 5. 0-0 Be7 6. c4 0-0 7. a3 d6 8. Nc3 c5 9. Re1 cxd4 10. Nxd4 Bxg2 11. Kxg2 Qc8 12. Qd3 Nc6 13. Nxc6 Qxc6+ 14. e4 Nd7 15. b3 Bf6 16. Bb2 Rfd8 17. Rad1 Nc5 18. Qc2 Kh8 19. Kg1 a6 20. f3 Rac8 21. Ne2 Bxb2 22. Qxb2 b5 23. Nd4 Qb6 24. cxb5 e5 25. bxa6 Ne6 0-1

[Event "CZE-chT U18 Extraliga West 1819"]
[Site "Czech Republic"]
[Date "2018.10.07"]
[Round "3.3"]
[White "Pavelka, Hubert Jan"]
[Black "Novotny, Martin"]
[Result "1-0"]
[WhiteElo "1768"]
[BlackElo "2016"]
[PlyCount "129"]
[EventDate "2018.10.05"]
[EventType "team-tourn"]
[EventRounds "11"]
[EventCountry "CZE"]
[SourceTitle "EXT 2023"]
[Source "ChessBase"]
[SourceDate "2022.10.05"]
[SourceVersion "1"]
[SourceVersionDate "2022.10.05"]
[SourceQuality "1"]
[WhiteTeam "Liberec Desko (U18)"]
[BlackTeam "Ricany (U18)"]
[WhiteTeamCountry "CZE"]
[BlackTeamCountry "CZE"]

1. d4 Nf6 2. c4 g6 3. Nc3 Bg7 4. e4 d6 5. Nf3 0-0 6. Be2 e5 7. dxe5 dxe5 8. Qxd8 Rxd8 9. Bg5 Re8 10. 0-0-0 c6 11. Ne1 Be6 12. f3 Nbd7 13. Nc2 Bf8 14. b3 Kg7 15. Na4 Nc5 16. Nc3 a5 17. Be3 Nfd7 18. Kb2 f5 19. Rd2 Nf6 20. Bd3 f4 21. Bf2 Rad8 22. Rhd1 Rd7 23. Be2 Red8 24. Rxd7+ Rxd7 25. Rxd7+ Ncxd7 26. Na4 Be7 27. Kc3 g5 28. a3 g4 29. b4 axb4+ 30. axb4 gxf3 31. gxf3 h6 32. c5 Nh7 33. Na3 Ng5 34. Nc4 Bg4 35. Nd2 Nf6 36. Kd3 Bh5 37. Nb6 Bd8 38. Nbc4 Bc7 39. Bh4 Nfh7 40. Nd6 Bxd6 41. cxd6 Kf7 42. Kc4 Ke6 43. Kc5 Nf7 44. Bc4+ Kd7 45. Be7 Nxd6 46. Bxd6 b6+ 47. Kxb6 Kxd6 48. Be2 Bf7 49. Bc4 Bh5 50. Bb3 Ng5 51. Bd1 Bf7 52. h4 Nh3 53. Ba4 Ng1 54. Bxc6 Bh5 55. Nc4+ Ke6 56. Bd5+ Kf6 57. Kc5 Bxf3 58. b5 Be2 59. b6 f3 60. b7 f2 61. b8Q f1Q 62. Qxe5+ Kg6 63. Qe8+ Kg7 64. Qg8+ Kf6 65. Qf7# 1-0

[Event "CZE-chT U18 Extraliga West 1819"]
[Site "Czech Republic"]
[Date "2018.10.06"]
[Round "2.4"]
[White "Kusa, Jakub"]
[Black "Pavelka, Hubert Jan"]
[Result "1-0"]
[WhiteElo "2011"]
[BlackElo "1768"]
[PlyCount "125"]
[EventDate "2018.10.05"]
[EventType "team-tourn"]
[EventRounds "11"]
[EventCountry "CZE"]
[SourceTitle "EXT 2023"]
[Source "ChessBase"]
[SourceDate "2022.10.05"]
[SourceVersion "1"]
[SourceVersionDate "2022.10.05"]
[SourceQuality "1"]
[WhiteTeam "Klatovy (U18)"]
[BlackTeam "Liberec Desko (U18)"]
[WhiteTeamCountry "CZE"]
[BlackTeamCountry "CZE"]

1. e4 e5 2. Nf3 Nf6 3. Nxe5 d6 4. Nf3 Nxe4 5. d4 d5 6. Bd3 Bd6 7. 0-0 0-0 8. c4 c6 9. Qc2 Bg4 10. Ne5 Bh5 11. f3 Nf6 12. Bg5 Bg6 13. Nc3 dxc4 14. Bxg6 hxg6 15. Nxc4 Be7 16. Rad1 Na6 17. a3 Nc7 18. Rfe1 Re8 19. Ne5 Nfd5 20. Bxe7 Rxe7 21. Ne4 Ne6 22. Nc5 Qc7 23. Nxg6 fxg6 24. Nxe6 Qd6 25. Nc5 Rae8 26. Ne4 Qf4 27. Qd2 Qxd2 28. Rxd2 Kf8 29. Kf2 Rd8 30. g3 Nc7 31. Nc5 Rxe1 32. Kxe1 b6 33. Nb3 Ke7 34. Re2+ Kd6 35. Kd2 Ne6 36. Kc3 Rf8 37. Nd2 Rf5 38. Nc4+ Ke7 39. Ne5 Kd6 40. Nc4+ Ke7 41. f4 c5 42. dxc5 Rxc5 43. Re5 Rc8 44. Kb3 b5 45. Ne3 a5 46. Nd5+ Kd6 47. Nc3 Nd4+ 48. Ka2 b4 49. Ne4+ Kc7 50. Rc5+ Nc6 51. axb4 axb4 52. Rg5 Nd4 53. Nc5 Ra8+ 54. Kb1 Kc6 55. Nd3 b3 56. Rc5+ Kd6 57. Rc3 Kd5 58. Nc1 Rb8 59. Re3 Kc4 60. Ne2 Nc2 61. Rc3+ Kb4 62. Rd3 Re8 63. Nc1 1-0

[Event "EU-ch U16 26th"]
[Site "Prague"]
[Date "2016.08.20"]
[Round "3"]
[White "Pavelka, Hubert Jan"]
[Black "Kadianis, Georgios"]
[Result "1/2-1/2"]
[WhiteElo "1934"]
[BlackElo "2169"]
[PlyCount "101"]
[EventDate "2016.08.18"]
[EventType "swiss"]
[EventRounds "9"]
[EventCountry "CZE"]
[SourceTitle "CBM 174 Extra"]
[Source "ChessBase"]
[SourceDate "2016.10.10"]
[SourceVersion "1"]
[SourceVersionDate "2016.10.10"]
[SourceQuality "1"]

1. e4 e5 2. Nf3 Nc6 3. Bb5 a6 4. Ba4 Nf6 5. 0-0 Be7 6. Re1 b5 7. Bb3 0-0 8. h3 Bb7 9. d3 d5 10. Nbd2 d4 11. Nf1 Qd6 12. Ng3 Bc8 13. c3 h6 14. cxd4 Nxd4 15. Nxd4 Qxd4 16. Qc2 Qd6 17. Be3 Be6 18. Rac1 Rac8 19. Bc5 Qxc5 20. Bxe6 fxe6 21. Qxc5 Bxc5 22. Rxc5 Rfd8 23. Rd1 Nd7 24. Rc6 Kf7 25. Rdc1 Nb6 26. Rxc7+ Rxc7 27. Rxc7+ Kf6 28. Nh5+ Kg6 29. g4 Rd7 30. Rc6 Na4 31. b3 Nb2 32. Rxe6+ Kf7 33. Rxe5 Nxd3 34. Rf5+ Ke8 35. Nf4 Nc1 36. Re5+ Re7 37. Rxe7+ Kxe7 38. f3 Nxa2 39. Nd3 a5 40. Kf2 Kd6 41. Ke3 Nc3 42. f4 a4 43. bxa4 bxa4 44. Kd4 Ne2+ 45. Kc4 a3 46. e5+ Kc6 47. Kb3 Kd5 48. f5 h5 49. g5 Nd4+ 50. Kxa3 Nxf5 51. Nf4+ 1/2-1/2

[Event "Teplice op 10th"]
[Site "Teplice"]
[Date "2015.06.16"]
[Round "4"]
[White "Pavelka, Hubert Jan"]
[Black "Ivekovic, Tihana"]
[Result "0-1"]
[WhiteElo "1823"]
[BlackElo "2062"]
[PlyCount "100"]
[EventDate "2015.06.13"]
[EventType "swiss"]
[EventRounds "9"]
[EventCountry "CZE"]
[SourceTitle "EXT 2017"]
[Source "ChessBase"]
[SourceDate "2016.10.25"]
[SourceVersion "1"]
[SourceVersionDate "2016.10.25"]
[SourceQuality "1"]

1. e4 c5 2. Nf3 e6 3. d4 cxd4 4. Nxd4 a6 5. c4 Nf6 6. Qc2 Bc5 7. Nb3 Bb4+ 8. Bd2 Bxd2+ 9. N1xd2 Nc6 10. Be2 0-0 11. 0-0 Qc7 12. a3 d6 13. Rad1 Bd7 14. Nb1 Rfd8 15. Nd4 Rac8 16. Nc3 Na5 17. b3 b5 18. Nb1 bxc4 19. b4 Nb7 20. f4 a5 21. Nc3 axb4 22. axb4 e5 23. fxe5 dxe5 24. Nf3 Bg4 25. Kh1 Bxf3 26. Bxf3 Qb6 27. Qb2 Nc5 28. b5 Nd3 29. Qc2 Ra8 30. g3 h6 31. Kg2 Qd4 32. Ra1 Rxa1 33. Rxa1 Rb8 34. Rd1 Kh8 35. Rf1 Nd7 36. Rd1 N7c5 37. Be2 Rd8 38. Bf3 Rb8 39. Be2 Qf2+ 40. Kh1 Ne1 41. Rxe1 Qxe1+ 42. Kg2 Nb3 43. Bxc4 Nd4 44. Qb2 Rc8 45. b6 Rxc4 46. b7 Nc6 47. b8Q+ Nxb8 48. Qxb8+ Kh7 49. Qxe5 Qxc3 50. Qf5+ Kg8 0-1

[Event "EU Union-ch U12"]
[Site "Malenovice"]
[Date "2013.09.04"]
[Round "8"]
[White "Pavelka, Hubert Jan"]
[Black "Gresova, Zuzana"]
[Result "0-1"]
[WhiteElo "1635"]
[BlackElo "1557"]
[PlyCount "56"]
[EventDate "2013.08.28"]
[EventType "swiss"]
[EventRounds "9"]
[EventCountry "CZE"]
[SourceTitle "CBM 156 Extra"]
[Source "ChessBase"]
[SourceDate "2013.10.22"]
[SourceVersion "1"]
[SourceVersionDate "2013.10.22"]
[SourceQuality "1"]

1. e4 c5 2. Nf3 e6 3. d4 cxd4 4. Nxd4 Nf6 5. Nc3 Nc6 6. Ndb5 Bb4 7. a3 Bxc3+ 8. Nxc3 d5 9. exd5 exd5 10. Bd3 0-0 11. 0-0 d4 12. Ne2 Bg4 13. Qd2 Re8 14. b4 Bxe2 15. Bxe2 Ne4 16. Qd3 Nc3 17. Bf3 Ne5 18. Qf5 Nxf3+ 19. Qxf3 Ne2+ 20. Kh1 Rc8 21. Qd3 Rc3 22. Qd2 Qc8 23. Ra2 Qc4 24. Re1 Qxa2 25. Rxe2 Rxe2 26. Qxe2 Qe6 27. Qd2 Rxc2 28. Qd1 Rxf2 0-1

[Event "EU Union-ch U12"]
[Site "Malenovice"]
[Date "2013.09.03"]
[Round "7"]
[White "Pavelka, Hubert Jan"]
[Black "Vrbova, Eva"]
[Result "1-0"]
[WhiteElo "1635"]
[BlackElo "1483"]
[PlyCount "39"]
[EventDate "2013.08.28"]
[EventType "swiss"]
[EventRounds "9"]
[EventCountry "CZE"]
[SourceTitle "CBM 156 Extra"]
[Source "ChessBase"]
[SourceDate "2013.10.22"]
[SourceVersion "1"]
[SourceVersionDate "2013.10.22"]
[SourceQuality "1"]

1. e4 e5 2. f4 d6 3. Nf3 Nc6 4. Bc4 Bg4 5. c3 Qd7 6. 0-0 g6 7. d3 Bg7 8. h3 Bxf3 9. Rxf3 Nge7 10. Bb3 f5 11. exf5 Nxf5 12. Rf2 0-0-0 13. g4 Nfe7 14. Qe2 Rhf8 15. d4 exd4 16. Be6 Kb8 17. Bxd7 Rxd7 18. cxd4 Bxd4 19. Be3 Bg7 20. Nc3 1-0

[Event "EU Union-ch U12"]
[Site "Malenovice"]
[Date "2013.08.28"]
[Round "1"]
[White "Blond Hanten, Elsa"]
[Black "Pavelka, Hubert Jan"]
[Result "0-1"]
[WhiteElo "1467"]
[BlackElo "1635"]
[PlyCount "36"]
[EventDate "2013.08.28"]
[EventType "swiss"]
[EventRounds "9"]
[EventCountry "CZE"]
[SourceTitle "CBM 156 Extra"]
[Source "ChessBase"]
[SourceDate "2013.10.22"]
[SourceVersion "1"]
[SourceVersionDate "2013.10.22"]
[SourceQuality "1"]

1. e4 e5 2. Nf3 Nc6 3. Bc4 Nf6 4. d3 Bc5 5. c3 Bb6 6. 0-0 0-0 7. Bb3 d5 8. Bg5 dxe4 9. Bxf6 Qxf6 10. dxe4 Bg4 11. Nbd2 Rad8 12. Qe2 Ne7 13. Rac1 Ng6 14. h3 Nf4 15. Qd1 Bxh3 16. gxh3 Qg6+ 17. Ng5 Qxg5+ 18. Qg4 Nxh3+ 0-1

[Event "Teplice op 8th"]
[Site "Teplice"]
[Date "2013.06.24"]
[Round "9"]
[White "Konvalinka, Vladislav"]
[Black "Pavelka, Hubert Jan"]
[Result "1/2-1/2"]
[WhiteElo "1901"]
[BlackElo "1609"]
[PlyCount "135"]
[EventDate "2013.06.15"]
[EventType "swiss"]
[EventRounds "9"]
[EventCountry "CZE"]
[SourceTitle "CBM 155 Extra"]
[Source "ChessBase"]
[SourceDate "2013.08.26"]
[SourceVersion "1"]
[SourceVersionDate "2013.08.26"]
[SourceQuality "1"]

1. d4 Nf6 2. c4 c5 3. d5 b5 4. cxb5 a6 5. Nf3 axb5 6. Nc3 Ba6 7. d6 exd6 8. e4 Qa5 9. Nd2 Nc6 10. Nb3 Qb6 11. a4 bxa4 12. Rxa4 Bb7 13. Rxa8+ Bxa8 14. Bg5 Be7 15. Bc4 Ne5 16. Bxf6 Bxf6 17. Nd5 Bxd5 18. Bxd5 c4 19. Nc1 Qxb2 20. 0-0 c3 21. f4 Ng6 22. g4 0-0 23. Bb3 Qa3 24. Nd3 Re8 25. f5 Ne5 26. Nf4 Nc6 27. Qd5 Qc5+ 28. Kg2 Qxd5 29. Bxd5 Nb4 30. Rc1 Nxd5 31. exd5 Bg5 32. Kf3 Bxf4 33. Kxf4 Rc8 34. h3 c2 35. h4 f6 36. g5 Rc4+ 37. Kg3 fxg5 38. hxg5 Kf7 39. Kf3 h6 40. gxh6 gxh6 41. Ke2 Kf6 42. Kd2 Kxf5 43. Rf1+ Rf4 44. Rh1 Kg5 45. Kxc2 h5 46. Kd3 h4 47. Ke3 Rf7 48. Rg1+ Kh5 49. Rh1 Kg4 50. Rg1+ Kh3 51. Rg6 Kh2 52. Rh6 h3 53. Rxd6 Kh1 54. Rh6 h2 55. Rg6 Rf1 56. Rg7 Rg1 57. Rxd7 Kg2 58. Rg7+ Kf1 59. Rh7 h1Q 60. Rxh1 Rxh1 61. Kd4 Rh5 62. Kc5 Ke2 63. Kc6 Ke3 64. d6 Ke4 65. d7 Rd5 66. Kc7 Ke5 67. d8Q Rxd8 68. Kxd8 1/2-1/2

[Event "Teplice op 8th"]
[Site "Teplice"]
[Date "2013.06.15"]
[Round "1"]
[White "Ulanowski, Karol"]
[Black "Pavelka, Hubert Jan"]
[Result "1-0"]
[WhiteElo "2083"]
[BlackElo "1609"]
[PlyCount "49"]
[EventDate "2013.06.15"]
[EventType "swiss"]
[EventRounds "9"]
[EventCountry "CZE"]
[SourceTitle "CBM 155 Extra"]
[Source "ChessBase"]
[SourceDate "2013.08.26"]
[SourceVersion "1"]
[SourceVersionDate "2013.08.26"]
[SourceQuality "1"]

1. e4 e6 2. d4 d5 3. Nc3 Nf6 4. e5 Nfd7 5. f4 c5 6. Nf3 Nc6 7. Be3 Be7 8. Qd2 0-0 9. dxc5 Nxc5 10. 0-0-0 a6 11. Qf2 Nd7 12. g4 f6 13. exf6 Nxf6 14. Rg1 b5 15. g5 Ne8 16. Bd3 Nd6 17. Qh4 Nf5 18. Bxf5 Rxf5 19. Rg3 g6 20. Rh3 h5 21. Qg3 Kh7 22. Nh4 Rf7 23. f5 exf5 24. Nxd5 Bd6 25. Bf4 1-0

[Event "CZE-ch U12"]
[Site "Kouty nad Desnou"]
[Date "2013.03.16"]
[Round "9"]
[White "Pavelka, Hubert Jan"]
[Black "Nguyen, Thai Dai Van"]
[Result "0-1"]
[WhiteElo "1617"]
[BlackElo "2121"]
[PlyCount "60"]
[EventDate "2013.03.09"]
[EventType "swiss"]
[EventRounds "9"]
[EventCountry "CZE"]
[SourceTitle "EXT 2015"]
[Source "ChessBase"]
[SourceDate "2014.11.20"]
[SourceVersion "1"]
[SourceVersionDate "2014.11.20"]
[SourceQuality "1"]

1. e4 e6 2. d4 d5 3. Nd2 Nf6 4. e5 Nfd7 5. f4 c5 6. c3 Nc6 7. Ndf3 Qb6 8. g3 cxd4 9. cxd4 Be7 10. Bh3 0-0 11. Ne2 f6 12. 0-0 fxe5 13. Bxe6+ Kh8 14. Bxd7 Bxd7 15. fxe5 Bg4 16. Kg2 Bxf3+ 17. Rxf3 Rxf3 18. Kxf3 Rf8+ 19. Kg2 Nxe5 20. Nf4 Ng6 21. Nxg6+ Qxg6 22. Qe2 Bf6 23. Be3 Qe4+ 24. Qf3 Qxf3+ 25. Kxf3 Bxd4+ 26. Ke2 Re8 27. Rd1 Rxe3+ 28. Kf1 Re4 29. Rc1 Kg8 30. Rc7 b5 0-1

[Event "CZE-ch U12"]
[Site "Kouty nad Desnou"]
[Date "2013.03.14"]
[Round "7"]
[White "Chwistek, Karel"]
[Black "Pavelka, Hubert Jan"]
[Result "0-1"]
[WhiteElo "1575"]
[BlackElo "1617"]
[PlyCount "36"]
[EventDate "2013.03.09"]
[EventType "swiss"]
[EventRounds "9"]
[EventCountry "CZE"]
[SourceTitle "EXT 2015"]
[Source "ChessBase"]
[SourceDate "2014.11.20"]
[SourceVersion "1"]
[SourceVersionDate "2014.11.20"]
[SourceQuality "1"]

1. e4 e5 2. Nf3 Nc6 3. Bc4 Nf6 4. d4 exd4 5. e5 d5 6. Bb5 Ne4 7. Nxd4 Bc5 8. Be3 0-0 9. Nxc6 bxc6 10. Bxc5 Nxc5 11. Bxc6 Ba6 12. b4 Qg5 13. Bxa8 Qxe5+ 14. Kd2 Ne4+ 15. Kc1 Rxa8 16. Re1 Qxa1 17. Qxd5 Qxb1+ 18. Kxb1 Nc3+ 0-1

[Event "Czech Fed-ch U12"]
[Site "Hrdonov"]
[Date "2012.10.24"]
[Round "6"]
[White "Pavelka, Hubert Jan"]
[Black "Miesbauer, Jan"]
[Result "1/2-1/2"]
[WhiteElo "1617"]
[BlackElo "1896"]
[PlyCount "38"]
[EventDate "2012.10.20"]
[EventType "swiss"]
[EventRounds "9"]
[EventCountry "CZE"]
[SourceTitle "CBM 151 Extra"]
[Source "ChessBase"]
[SourceDate "2012.12.18"]
[SourceVersion "1"]
[SourceVersionDate "2012.12.18"]
[SourceQuality "1"]

1. e4 e6 2. d4 d5 3. Nd2 Nf6 4. e5 Nfd7 5. f4 c5 6. c3 Nc6 7. Ndf3 Qb6 8. g3 Be7 9. Ne2 0-0 10. Bh3 Kh8 11. 0-0 cxd4 12. cxd4 a6 13. Kh1 Qc7 14. Bd2 b5 15. Rc1 Bb7 16. g4 Qb6 17. Qe1 f5 18. gxf5 exf5 19. Rg1 Nd8 1/2-1/2